Europejskie miasta zaczynające się od samogłoski - Statystyki

Ogólne statystyki
  • Ten quiz został rozwiązany 22 razy
    8 od ostatniego zresetowania
  • Średni wynik to 13 z 80
Odpowiedzi na mapie
Odpowiedzi zakodowano w zielono-czerwonej skali na mapie do tego quizu, zgodnie z poniższymi procentami.
 
Statystyki odpowiedzi
Państwo L. ludności Miasto % Poprawnych
Holandia 1,114,745 Amsterdam
88%
Polska 120,142 Elbląg
88%
Polska 172,362 Olsztyn
88%
Polska 128,137 Opole
88%
Grecja 664,046 Ateny
75%
Niemcy 247,380 Akwizgran
63%
Belgia 525,935 Antwerpia
63%
Ukraina 1,013,159 Odessa
63%
Czechy 287,968 Ostrawa
63%
Norwegia 693,494 Oslo
50%
Rosja 348,343 Archangielsk
38%
Wlk. Brytania 498,050 Edynburg
38%
Niemcy 583,109 Essen
38%
Dania 117,351 Aalborg
25%
Hiszpania 173,329 Albacete
25%
Hiszpania 334,887 Alicante
25%
Holandia 298,795 Eindhoven
25%
Niemcy 213,699 Erfurt
25%
Niemcy 136,981 Ingolstadt
25%
Wlk. Brytania 163,938 Oksford
25%
Czechy 100,663 Ołomuniec
25%
Hiszpania 219,686 Oviedo
25%
Holandia 382,520 Utrecht
25%
Wlk. Brytania 163,571 York
25%
Wlk. Brytania 198,000 Aberdeen
13%
Holandia 101,825 Alkmaar
13%
Hiszpania 198,533 Almería
13%
Holandia 153,420 Amersfoort
13%
Niemcy 295,135 Augsburg
13%
Hiszpania 232,517 Elche
13%
Holandia 147,850 Enschede
13%
Niemcy 111,962 Erlangen
13%
Austria 131,989 Innsbruck
13%
Wlk. Brytania 149,643 Ipswich
13%
Ukraina 236,602 Iwano-Frankiwsk
13%
Dania 180,302 Odense
13%
Rumunia 196,367 Oradea
13%
Niemcy 164,748 Osnabrück
13%
Niemcy 126,329 Ulm
13%
Dania 280,534 Aarhus
0%
Hiszpania 245.426 A Coruña
0%
Francja 142,482 Aix-en-Provence
0%
Hiszpania 195,649 Alcalá de Henares
0%
Hiszpania 117,040 Alcobendas
0%
Hiszpania 170,514 Alcorcón
0%
Ukraina 107,438 Ałczewśk
0%
Hiszpania 121,957 Algeciras
0%
Portugalia 174.300 Almada
0%
Holandia 177,045 Almere
0%
Portugalia 175,136 Amadora
0%
Francja 134,057 Amiens
0%
Belgia 119,714 Anderlecht
0%
Francja 152,960 Angers
0%
Włochy 101,043 Ankona
0%
Francja 126,924 Annecy
0%
Holandia 140,210 Apeldoorn
0%
Rumunia 159,074 Arad
0%
Francja 110,210 Argenteuil
0%
Rosja 190,205 Armawir
0%
Holandia 110,245 Arnhem
0%
Wlk. Brytania 114,170 Eastbourne
0%
Turcja 172,802 Edirne
0%
Finlandia 289,731 Espoo
0%
Wlk. Brytania 127,351 Exeter
0%
Rosja 405,053 Iwanowo
0%
Niemcy 210,829 Oberhausen
0%
Rosja 118,151 Obnińsk
0%
Rosja 137,528 Odincowo
0%
Niemcy 128,744 Offenbach am Main
0%
Niemcy 168,210 Oldenburg
0%
Wlk. Brytania 107,033 Oldham
0%
Szwecja 125,817 Örebro
0%
Rosja 118,004 Oriechowo-Zujewo
0%
Francja 116,685 Orlean
0%
Białoruś 108,100 Orsza
0%
Rosja 311,625 Orzeł
0%
Finlandia 205,489 Oulu
0%
Hiszpania 105,233 Ourense
0%
Szwecja 166,049 Uppsala
0%
Ukraina 114,897 Użhorod
0%
Nie znaleziono quizów pasujących do podanych kryteriów
Rozkład punktacji
Procent ludzi z każdym wynikiem
Percentyl według liczby udzielonych odpowiedzi
Twoja historia wyników
Nie rozwiązałeś tego quizu od ostatniego zresetowania